[Event "HUN-chT2 Toth 1718"]
[Site "Hungary"]
[Date "2018.03.04"]
[Round "9.5"]
[White "Kovacs, Laszlo3333"]
[Black "Kiss, Balazs Janos"]
[Result "0-1"]
[WhiteElo "1991"]
[BlackElo "1945"]
[PlyCount "158"]
[EventDate "2017.09.24"]
[EventType "team-tourn"]
[EventRounds "11"]
[EventCountry "HUN"]
[SourceTitle "EXT 2021"]
[Source "ChessBase"]
[SourceDate "2020.10.23"]
[SourceVersion "1"]
[SourceVersionDate "2020.10.23"]
[SourceQuality "1"]
[WhiteTeam "Kecskemet Toth Laszlo II"]
[BlackTeam "Szeged Meritum"]
[WhiteTeamCountry "HUN"]
[BlackTeamCountry "HUN"]

1. e4 d5 2. exd5 Qxd5 3. Nc3 Qa5 4. d4 c6 5. Nf3 Nf6 6. Bd3 Bg4 7. 0-0 e6 8. h3 Bh5 9. Ne4 Nbd7 10. Ng3 Bg6 11. c3 Be7 12. Re1 Rd8 13. Bxg6 hxg6 14. Qe2 Nh5 15. Ne4 0-0 16. b4 Qc7 17. g3 Ndf6 18. Nxf6+ gxf6 19. Bh6 Rfe8 20. g4 Nf4 21. Bxf4 Qxf4 22. Qe4 Qc7 23. Rad1 a5 24. a3 Rd5 25. Qe3 b5 26. Kg2 Kg7 27. Rd3 Bd6 28. Qe2 Bf4 29. Qd1 Red8 30. Qc2 e5 31. Rdd1 Qd7 32. Qb1 f5 33. gxf5 gxf5 34. Ng1 axb4 35. axb4 exd4 36. Rxd4 Rxd4 37. cxd4 Qd5+ 38. Nf3 Kf6 39. Qd3 Rg8+ 40. Kf1 Bd6 41. Rb1 Qe4 42. Qxe4 fxe4 43. Nd2 Kf5 44. Ke2 Rh8 45. Rb3 Bf4 46. Rc3 Bxd2 47. Kxd2 Rh6 48. Rg3 Kf4 49. Ke2 f5 50. Kd2 Rd6 51. Kc3 Rd8 52. Re3 Ra8 53. Kb3 Rd8 54. Kc3 Rg8 55. Kd2 Rg1 56. Rc3 Rb1 57. Rxc6 Rxb4 58. Kc3 Ra4 59. Rh6 Ra3+ 60. Kb4 Rd3 61. Kc5 b4 62. h4 Rd2 63. Rb6 Rxf2 64. Rxb4 Rh2 65. d5 Rxh4 66. d6 Rh7 67. Kc6 Kf3 68. d7 Rh8 69. Kc7 e3 70. Rb8 Rh7 71. Re8 e2 72. Kd6 Rxd7+ 73. Kxd7 Kf2 74. Re5 e1Q 75. Rxf5+ Kg3 76. Rd5 Kf4 77. Rd6 Qc3 78. Ke6 Qc4+ 79. Kd7 Ke5 0-1

[Event "HUN-chT4 Chalupetzky 1718"]
[Site "Hungary"]
[Date "2017.11.05"]
[Round "2.2"]
[White "Nagy, Istvan1111"]
[Black "Kiss, Balazs Janos"]
[Result "0-1"]
[WhiteElo "1749"]
[BlackElo "1927"]
[PlyCount "70"]
[EventDate "2017.10.15"]
[EventType "team-tourn"]
[EventRounds "7"]
[EventCountry "HUN"]
[SourceTitle "EXT 2019"]
[Source "ChessBase"]
[SourceDate "2018.10.10"]
[SourceVersion "1"]
[SourceVersionDate "2018.10.10"]
[SourceQuality "1"]
[WhiteTeam "Fertoszentmiklos"]
[BlackTeam "Toltestava Tornado"]
[WhiteTeamCountry "HUN"]
[BlackTeamCountry "HUN"]

1. e4 e5 2. Nf3 Nf6 3. Nc3 Bb4 4. d3 Nc6 5. Bd2 0-0 6. h3 d5 7. exd5 Nxd5 8. Nxd5 Qxd5 9. Bxb4 Nxb4 10. c3 Nc6 11. Qb3 Qd6 12. Be2 Be6 13. Qc2 h6 14. 0-0 Rae8 15. Rfd1 f5 16. d4 e4 17. Nd2 Bc8 18. Nc4 Qg6 19. Kh2 f4 20. Bf1 Kh8 21. Re1 Bf5 22. Qd2 e3 23. fxe3 Qg3+ 24. Kh1 b5 25. Ne5 Nxe5 26. dxe5 f3 27. e4 Bc8 28. Re3 fxg2+ 29. Bxg2 Qxe5 30. Qd4 Qg5 31. Rae1 Rf2 32. Rg1 c5 33. Qd3 Rd8 34. Qxd8+ Qxd8 35. Rg3 Qd2 0-1

[Event "HUN-chT Csongrad Region"]
[Site "Hungary"]
[Date "2016.04.24"]
[Round "9.4"]
[White "Kiss, Balazs Janos"]
[Black "Hajdu, Istvan"]
[Result "1/2-1/2"]
[WhiteElo "1912"]
[BlackElo "1992"]
[PlyCount "50"]
[EventDate "2015.09.20"]
[EventType "team-tourn"]
[EventRounds "9"]
[EventCountry "HUN"]
[SourceTitle "EXT 2017"]
[Source "ChessBase"]
[SourceDate "2016.10.25"]
[SourceVersion "1"]
[SourceVersionDate "2016.10.25"]
[SourceQuality "1"]

1. d4 d5 2. Bf4 e6 3. e3 c5 4. c3 Nc6 5. Nf3 Bd6 6. Bg3 a6 7. Nbd2 f5 8. Bd3 Nf6 9. 0-0 Ne4 10. Nh4 0-0 11. Bxd6 Qxd6 12. f4 Bd7 13. Nhf3 Be8 14. Ne5 Nxe5 15. fxe5 Qb6 16. Bxe4 fxe4 17. Rxf8+ Kxf8 18. Qg4 Bf7 19. Rf1 cxd4 20. Qh5 Qc7 21. Qxh7 dxe3 22. Qh8+ Ke7 23. Qxg7 Rf8 24. Qg5+ Ke8 25. Qxe3 Qxe5 1/2-1/2

[Event "HUN-chT Csongrad Region"]
[Site "Hungary"]
[Date "2016.02.21"]
[Round "6.4"]
[White "Tornyai, Jeno"]
[Black "Kiss, Balazs Janos"]
[Result "1/2-1/2"]
[WhiteElo "1903"]
[BlackElo "1912"]
[PlyCount "110"]
[EventDate "2015.09.20"]
[EventType "team-tourn"]
[EventRounds "9"]
[EventCountry "HUN"]
[SourceTitle "EXT 2017"]
[Source "ChessBase"]
[SourceDate "2016.10.25"]
[SourceVersion "1"]
[SourceVersionDate "2016.10.25"]
[SourceQuality "1"]

1. d4 d5 2. Nc3 e6 3. e4 dxe4 4. Nxe4 Be7 5. Nf3 Nf6 6. Bd3 Bd7 7. Ne5 Nc6 8. Nxd7 Qxd7 9. c3 0-0-0 10. 0-0 Nxe4 11. Bxe4 f5 12. Bf3 g5 13. Qa4 h5 14. Bxc6 Qxc6 15. Qxc6 bxc6 16. Re1 Kd7 17. Bd2 Bf6 18. Re2 Rb8 19. b4 a5 20. bxa5 Rb2 21. Kf1 Ra8 22. a4 Rxa5 23. c4 Ra6 24. Bc3 Rxe2 25. Kxe2 c5 26. Ke3 cxd4+ 27. Bxd4 Bxd4+ 28. Kxd4 Ra5 29. Kc3 c5 30. Kb3 Ra8 31. a5 Rb8+ 32. Kc3 Kc6 33. Re1 Kd6 34. Re2 Ra8 35. Ra2 Kc6 36. f3 g4 37. fxg4 hxg4 38. Kd3 Kd6 39. a6 Kc6 40. a7 e5 41. h4 gxh3 42. gxh3 Kd6 43. Ra6+ Ke7 44. Ra5 Kf6 45. h4 Kg6 46. Rxc5 e4+ 47. Ke3 Rxa7 48. Kf4 Ra3 49. h5+ Kxh5 50. Rxf5+ Kg6 51. Re5 Kf6 52. Rxe4 Rh3 53. Rd4 Ke6 54. Kg4 Rc3 55. Kf4 Rh3 1/2-1/2

[Event "HUN-chT Csongrad Region"]
[Site "Hungary"]
[Date "2015.11.22"]
[Round "5.2"]
[White "Kiss, Balazs Janos"]
[Black "Kurucsai, Andras"]
[Result "1-0"]
[WhiteElo "1912"]
[BlackElo "1723"]
[PlyCount "109"]
[EventDate "2015.09.20"]
[EventType "team-tourn"]
[EventRounds "9"]
[EventCountry "HUN"]
[SourceTitle "EXT 2017"]
[Source "ChessBase"]
[SourceDate "2016.10.25"]
[SourceVersion "1"]
[SourceVersionDate "2016.10.25"]
[SourceQuality "1"]

1. d4 d5 2. Bf4 Nf6 3. e3 e6 4. Nf3 Bd6 5. Bg3 0-0 6. Bd3 b6 7. Nbd2 Bb7 8. c3 Ne4 9. Bh4 Qe8 10. Ng5 f5 11. f4 Nd7 12. Ndxe4 fxe4 13. Be2 Nf6 14. Bg3 c5 15. Qb3 Bc6 16. a4 c4 17. Qc2 h6 18. Nh3 a6 19. b4 Bd7 20. a5 b5 21. Kd2 Qe7 22. Qb2 Be8 23. Bh4 Qc7 24. g4 Nh7 25. Bg3 Ra7 26. Rag1 Kh8 27. Bf2 Qb8 28. g5 hxg5 29. Nxg5 Nxg5 30. Rxg5 Rf5 31. Rg2 Bh5 32. Rhg1 Raf7 33. Kd1 Bf8 34. Rg5 g6 35. Bxh5 gxh5 36. Qe2 Rxg5 37. Rxg5 Rh7 38. Rxh5 Qe8 39. Rxh7+ Kxh7 40. Qg4 Qg6 41. h3 Be7 42. Ke2 Kh6 43. Kf1 Kh7 44. Kg2 Kh6 45. Kg3 Qf5 46. Qg8 Qg6+ 47. Qxg6+ Kxg6 48. Kg4 Bf8 49. h4 Be7 50. h5+ Kh7 51. Bh4 Bd6 52. f5 exf5+ 53. Kxf5 Kh6 54. Ke6 Kxh5 55. Kxd6 1-0

[Event "HUN-chT2 Toth 1314"]
[Site "Hungary"]
[Date "2014.02.02"]
[Round "6.11"]
[White "Kiss, Balazs Janos"]
[Black "Balogh, Ferenc1111"]
[Result "0-1"]
[WhiteElo "1639"]
[BlackElo "1846"]
[PlyCount "96"]
[EventDate "2013.09.08"]
[EventType "team-tourn"]
[EventRounds "11"]
[EventCountry "HUN"]
[SourceTitle "EXT 2016"]
[Source "ChessBase"]
[SourceDate "2015.10.08"]
[SourceVersion "1"]
[SourceVersionDate "2015.10.08"]
[SourceQuality "1"]
[WhiteTeam "Roszke"]
[BlackTeam "Szeged Maroczy II"]
[WhiteTeamCountry "HUN"]
[BlackTeamCountry "HUN"]

1. d4 Nf6 2. Nf3 g6 3. Bf4 Bg7 4. e3 d6 5. Nbd2 0-0 6. c3 c6 7. Bc4 b5 8. Bb3 a5 9. e4 a4 10. Bc2 Na6 11. 0-0 Bb7 12. Qe2 Re8 13. e5 Nd5 14. Bg3 Nac7 15. a3 c5 16. dxc5 dxc5 17. c4 bxc4 18. Nxc4 Ne6 19. Rfd1 Qc7 20. Be4 Red8 21. Bxd5 Rxd5 22. Rxd5 Bxd5 23. Ne3 Bb3 24. Nf1 Bh6 25. N1d2 Bd5 26. Rc1 Qb7 27. Rc2 Rb8 28. Qd3 Rd8 29. Qc3 Be4 30. Nxe4 Rd1+ 31. Ne1 Qxe4 32. f3 Be3+ 33. Kf1 Qd4 34. Ke2 Rb1 35. Qxe3 Qd1+ 36. Kf2 Nd4 37. Rxc5 Rxb2+ 38. Kf1 Nf5 39. Rc8+ Kg7 40. Qe4 Qd2 41. Kg1 Nxg3 42. hxg3 Qf2+ 43. Kh2 Re2 44. Qxa4 Rxe1 45. Qe8 Qg1+ 46. Kh3 Qh1+ 47. Kg4 Qh5+ 48. Kf4 Qf5# 0-1

[Event "HUN-chT2 Toth 1213"]
[Site "Hungary"]
[Date "2012.11.18"]
[Round "4.12"]
[White "Schmidt, Gyorgy"]
[Black "Kiss, Balazs Janos"]
[Result "0-1"]
[WhiteElo "1665"]
[BlackElo "1548"]
[PlyCount "54"]
[EventDate "2012.09.16"]
[EventType "team-tourn"]
[EventRounds "11"]
[EventCountry "HUN"]
[SourceTitle "EXT 2014"]
[Source "ChessBase"]
[SourceDate "2013.11.20"]
[SourceVersion "1"]
[SourceVersionDate "2013.11.20"]
[SourceQuality "1"]
[WhiteTeam "Gyula"]
[BlackTeam "Roszke II"]
[WhiteTeamCountry "HUN"]
[BlackTeamCountry "HUN"]

1. d4 Nf6 2. c4 c5 3. Nf3 cxd4 4. Qxd4 Nc6 5. Qd3 e6 6. a3 Be7 7. e3 0-0 8. Be2 Qc7 9. 0-0 b6 10. Nc3 a6 11. b3 Bb7 12. Bb2 Rfd8 13. Ng5 Ne5 14. Qc2 h6 15. Nge4 Nxe4 16. Nxe4 d5 17. Bxe5 Qxe5 18. cxd5 Bxd5 19. Bf3 Rac8 20. Qb1 f5 21. Nd2 Bd6 22. g3 Bb8 23. Bxd5 Qxd5 24. Nc4 Qc5 25. Qb2 b5 26. Na5 Be5 27. Qc1 Qb6 0-1